000 01434cam a22003735a 4500
001 L159644
008 130918s2017 xxk f 000 0 eng d
020 _a9781119340195
035 _a(Sirsi) u159644
041 0 _aeng
050 0 4 _a657.3 $2 18
110 1 _aPKF International
_95527
245 0 0 _aWiley IFRS 2017: interpretation and application of IFRS standards
_h[electronic resource]
260 _bJohn Wiley & Sons Inc
_c2017
300 _aebook
520 _aOffers a complete resource for the interpretation and application of the latest International Financial Reporting Standards (IFRS) as outlined by the International Accounting Standards Board (IASB). With up-to-date coverage and a host of practical tools, this book provides invaluable guidance on the expanding framework for unified financial reporting.
650 2 4 _aEBOOK
651 4 _aInternational
690 _aFinancial and taxation
690 _aInvestments
_96250
690 _aValuation
_96273
700 1 _aBakker, Edwin
700 1 _aBalasubramanian, T V
700 1 _aChaudhry, Asif
700 1 _aCoetsee, Danie
700 1 _aJohnstone, Chris
700 1 _aRands, Edwards
700 1 _aUnsworth, Candice
700 1 _aMerve, Minette van der
700 1 _aVarughese, Santosh
700 1 _aYeung, Paul
856 4 0 _uhttps://www.vlebooks.com/
_zView on VLEbooks. Logins for members only from [email protected]
942 _n0
999 _c116072
_d116072